01032 2200193 4500245005800000020002200058250001200080100001800092700002200110700001800132650004300150005001900193260004200212041001400254084000800268300002300276500053000299336000900829 aHarry Potter dan Tawanan AzkabancJ. K. RowlinghText a978-602-03-4237-3 aCet. 30 aJ. K. Rowling aListiana Srisanti aMala Suhendra aNovel Inggris (dalam Bahasa Indonesia) a20250305100307 aJakartabGramedia Pustaka Utamac2023 aIndonesia a823 a536 hlm. :c20 cm. aKetika Bus Ksatria membelah kegelapan malam dan berhenti mendadak di hadapan Harry Potter, maka dimulailah tahun ajaran berikutnya di Hogwarts yang jauh dari biasa-biasa saja.Sirius Black, pembunuh massal dan pengikut Lord Voldemort, kabur dari penjara Azkaban— dan konon dia memburu Harry.Pada pelajaran Ramalan pertama, Profesor Trelawney melihat terawangan kematian dalam ampas teh anak itu...Namun, tak ada yang lebih menakutkan daripada para Dementor, sosok-sosok pengisap jiwa, yang gentayangan di sekeliling sekolah. atext